| 000 | 00538nam a22001817a 4500 | ||
|---|---|---|---|
| 005 | 20250225120711.0 | ||
| 008 | 250225b |||||||| |||| 00| 0 eng d | ||
| 020 | _a9780071263689 | ||
| 050 |
_aHD62.7 _b.S5943 BYR |
||
| 100 | _aByrd Mary Jane | ||
| 245 |
_aSmall Business Management: _bAn Entrepreneur's Guide _cMary Jane Byrd & Leon C. Megginson |
||
| 250 | _a6th Ed. | ||
| 260 |
_aBoston _bMcGraw-Hill _c2009 |
||
| 300 |
_axxi. 522p. _bill. _c22 cm |
||
| 650 | _2Management | ||
| 700 | _aMagginson Leon C. | ||
| 942 |
_2lcc _cBK _e6th Ed. _n0 |
||
| 999 |
_c4306 _d4306 |
||